000 00687nam a2200289Ia 4500
005 20260324132656.0
008 008 260324s9999 xx 000 0 eng d
020 _a9781410610362
037 _aEBOOK
040 _aCRL
040 _beng
040 _cCRL
041 _2eng
041 _aeng
084 _qCRL
100 _aGeoffrey D. Borman; Matthew Boulay
_91190189
245 0 _aSummer Learning
245 0 _bResearch, Policies, and Programs
260 _bTaylor and Francis
260 _c2004
365 _a
365 _b230
856 _uhttp://www.taylorfrancis.com/books/9781410610362
942 _cEBOOK
999 _c1788499
_d1788499